Del sentimiento trágico de la vida

Saved in:
Bibliographic Details
Main Author: Unamuno, Miguel de (Author)
Format: Book
Language:Spanish
Published: Buenos Aires Losada 1998
Edition:7a. ed
Series:Biblioteca Clásica y Contemporánea, 166
Subjects:
Tags: Add Tag
No Tags, Be the first to tag this record!

MARC

LEADER 00000cam a2200000 a 4500
001 UCL0703
003 CL-VaPUC
008 030808e19980000AG |||||||||||||||||spa|d
020 |a 9500301067 
082 0 4 |a 864  |b UNA  |2 21 
100 0 |a Unamuno, Miguel de  |e author  |9 312478 
245 1 0 |a Del sentimiento trágico de la vida 
250 |a 7a. ed 
300 |a 286 p 
942 |c BK 
945 |d 20030808 00:00:00  |a cmena 
260 |a Buenos Aires  |b Losada  |c 1998 
650 0 |a Individualismo  |9 313336 
650 0 |a Filosofía española   |9 254895 
650 7 |a INMORTALIDAD  |2 CL-VaPUC  |9 320467 
650 0 |a Pesimismo  |9 322258 
650 0 |a Religión   |9 255164 
650 0 |a Humanismo  |9 256530 
650 7 |a HOMBRE  |2 CL-VaPUC  |9 262149 
650 0 |a Literatura española  |9 306261 
583 |a last modification  |c 20150527 02:39:28  |k Rodrigo Vera 
490 0 |a Biblioteca Clásica y Contemporánea, 166 
999 |c 304517  |d 304515 
952 |0 0  |1 0  |4 0  |6 864_000000000000000_UNA_1998  |7 0  |8 R  |9 366852  |a BIBEDU  |b BIBEDU  |c MCIRC  |d 2019-11-21  |i 3931390  |o 864 UNA 1998  |p 3931390  |r 2023-01-13  |w 2019-11-21  |y BK_R  |k LIT 
952 |0 0  |1 0  |3 erb  |4 0  |6 864_000000000000000_UNA_1998  |7 0  |8 R  |9 366853  |a BIBEDU  |b BIBEDU  |c MCIRC  |e Villagrán Garnham, Jorge  |i 5176638  |o 864 UNA 1998  |p 5176638  |r 2023-01-13  |w 2019-11-21  |y BK_R  |z Catalogado en:20150529  |k LIT